| 000 | 00497nam a2200205Ia 4500 | ||
|---|---|---|---|
| 003 | OSt | ||
| 005 | 20140318084001.0 | ||
| 008 | 140130s9999 xx 000 0 und d | ||
| 020 | _a043959717X | ||
| 050 |
_aPZ 7 _b.St814 2004 |
||
| 100 | _aSteele, Michael Anthony | ||
| 245 |
_cMichael Anthony Steele. _aSnowgre / |
||
| 260 |
_bScholastic, _c2004. _aNew York : |
||
| 300 |
_a61 p. : _bill. ; _c18 cm. |
||
| 440 | _v1 | ||
| 521 | _aG4 | ||
| 526 | _c650 | ||
| 942 |
_cBK _2lcc |
||
| 999 |
_c40871 _d40871 |
||